000 00945nam a2200277Ia 4500
001 Para_1067
003 CHAP
008 220125s1996 xx 000 0 und d
010 _a199811
040 _cCHAP
090 _aPA TESIS 1033
100 _aRuíz Sanchez, Esau
_9100786
245 _aControl de la maleza en frijol (Phaseolus vulgaris L.), bajo tres sistemas de labranza y dos distribuciones de siembra en Chapingo, México /
_c por Esau Ruíz Sanchez
260 _aChapingo, Méx. :
_b El autor
300 _a63 h.
502 _aTesis (Ing. Agr. Esp. en Parasitología Agrícola), UACh. Depto. Parasitología
650 _aFrijol
_x malas hierbas
_xcontrol
_943402
710 _aUACh. Departamento Parasitología Agrícola
_9164025
901 _aPA TESIS 1033
902 _aA
905 _a0000001996 i 0000000000 00
910 _a1996
942 _cPARA
942 _cPARA
_d1
999 _c199811
_d199811